000 00502nam a22001577a 4500
999 _c3858
_d3858
008 200703b ||||| |||| 00| 0 eng d
020 _a0851741673
082 0 0 _a623.8881
_bT2381
100 _93182
_aTaylor, L. G.
245 1 0 _aCargo Work : the care, handling and carriage of cargoes including the management of marine cargo transportation /
_cby L. G. Taylor
250 _a9th ed.
260 _aGlasgow
_bBrown,Son & Ferguson
_c1978
300 _axiv, 366 p.
650 0 _aCargo Handling
942 _cBK